Sports Quiz

Random Sports or NFL Quiz

NFL Rushing Leaders By Age Quiz Stats

 Plays Quiz Updated Jan 5, 2018

Score 0/75 Timer 08:00
0 Plays Today
Hint Answer % Correct
22Emmitt Smith
94.4%
23Adrian Peterson
94.4%
23Emmitt Smith
94.4%
27Adrian Peterson
94.4%
32Emmitt Smith
94.4%
33Emmitt Smith
94.4%
35Emmitt Smith
94.4%
21Barry Sanders
93%
26Barry Sanders
93%
29Barry Sanders
93%
30Barry Sanders
93%
23Walter Payton
89.4%
30Walter Payton
89.4%
31Walter Payton
89.4%
32Walter Payton
89.4%
24Chris Johnson
89.2%
27Larry Johnson
88.9%
33John Henry Johnson
88.6%
34John Henry Johnson
88.6%
35John Henry Johnson
88.6%
27LaDainian Tomlinson
87.3%
22Jim Brown
86.7%
27Jim Brown
86.7%
29Jim Brown
86.7%
21Edgerrin James
85.4%
22Edgerrin James
85.4%
23Eric Dickerson
85.2%
33Frank Gore
85.2%
34Frank Gore
85.2%
24Eric Dickerson
85.2%
28Eric Dickerson
85.1%
25Terrell Davis
85.1%
26Terrell Davis
85.1%
29Tiki Barber
83.5%
30Tiki Barber
83.5%
31Tiki Barber
83.5%
27Shaun Alexander
82.9%
28Shaun Alexander
82.9%
Hint Answer % Correct
25Ricky Williams
82.3%
32Ricky Williams
82.3%
21Jamal Lewis
81.9%
24Jamal Lewis
81.9%
23Frank Gore
81.2%
28Priest Holmes
78.3%
29Priest Holmes
78.3%
30Priest Holmes
78.3%
26O.J. Simpson
77.7%
28O.J. Simpson
77.7%
29O.J. Simpson
77.7%
31Curtis Martin
76.9%
21Jerome Bettis
76.7%
26Ahman Green
71%
25Marcus Allen
68%
34Marcus Allen
68%
35Marcus Allen
68%
26Jamal Anderson
67.7%
32Mike Anderson
67.7%
22Ottis Anderson
67.6%
32Ottis Anderson
67.6%
21Clinton Portis
66%
22Clinton Portis
66%
24Earl Campbell
64.2%
25Earl Campbell
64.2%
30Corey Dillon
63.2%
34John Riggins
62.6%
35John Riggins
62.6%
33Franco Harris
60.5%
31Thomas Jones
57.3%
31Tony Dorsett
50%
34Tony Dorsett
50%
33Larry Csonka
45.5%
24Barry Foster
30.8%
25Gerald Riggs
26.3%
28William Andrews
10.6%
35Rich Gannon
8.3%

You're not logged in!

Compare scores with friends on all Sporcle quizzes.
OR
Log In

You Might Also Like...

Show Comments

Extras

Top Quizzes Today


Score Distribution

Your Account Isn't Verified!

In order to create a playlist on Sporcle, you need to verify the email address you used during registration. Go to your Sporcle Settings to finish the process.

Report this User

Report this user for behavior that violates our Community Guidelines.

Details: